| 000 | 00365nam a22001457a 4500 | ||
|---|---|---|---|
| 008 | 250710b |||||||| |||| 00| 0 eng d | ||
| 020 | _a9780310201063 | ||
| 050 |
_aBV652.2 _b.W37 |
||
| 100 | _aWarren Rick | ||
| 245 | _aThe Purpose Driven Church | ||
| 260 |
_aKaduna _bEvangel Publication _c1995 |
||
| 300 | _ax, 399p. | ||
| 650 | _aChurch Growth | ||
| 942 | _cBK | ||
| 999 |
_c4266 _d4266 |
||